Search the Library Catalogue
| 000 -LEADER | |
|---|---|
| fixed length control field | 00917nam a2200241Ia 4500 |
| 008 - FIXED-LENGTH DATA ELEMENTS--GENERAL INFORMATION | |
| fixed length control field | 191130s2010##################000#0#eng## |
| 020 ## - INTERNATIONAL STANDARD BOOK NUMBER | |
| ISBN | 9783110220230 |
| 082 ## - DEWEY DECIMAL CLASSIFICATION NUMBER | |
| Classification number | 420.9 SPE |
| 100 ## - MAIN ENTRY--AUTHOR NAME | |
| Personal name | Speyer, Augustin |
| 245 ## - TITLE STATEMENT | |
| Title | Topicalization and stress clash avoidance in the history of English |
| Statement of responsibility, etc | by Augustin Speyer |
| 260 ## - PUBLICATION, DISTRIBUTION, ETC. (IMPRINT) | |
| Place of publication | Berlin ; New York |
| Name of publisher | De Gruyter Mouton |
| Year of publication | c2010 |
| 300 ## - PHYSICAL DESCRIPTION | |
| Number of Pages | ix, 286 p. : ill. ; 24 cm |
| 500 ## - GENERAL NOTE | |
| General note | Originally presented as the author's thesis (doctoral)--Johann Wolfgang Goethe Universität Frankfurt, Germany-2008. Includes bibliographical references and indexes |
| 650 ## - SUBJECT ADDED ENTRY--TOPICAL TERM | |
| Topical Term | English language - Grammar, Historical |
| Topical Term | English language - History |
| Topical Term | English language - Syntax |
| Topical Term | English language - Word order |
| 991 ## - | |
| -- | 386585 |
| Withdrawn status | Lost status | Damaged status | Not for loan | Home library | Current library | Shelving location | Date acquired | Full call number | Accession Number | Price effective from | Koha item type |
|---|---|---|---|---|---|---|---|---|---|---|---|
| Anna Centenary Library | Anna Centenary Library | 4TH FLOOR, B WING | 09.10.2020 | 420.9 SPE | 344660 | 09.10.2020 | English Books |